Digital signatures

Saved in:
Bibliographic Details
Main Author: Katz, Jonathan (Author)
Corporate Author: SpringerLink (Online service)
Format: eBook
Language:English
Published: Boston, MA Springer 2010.
Subjects:
Online Access:Click here to view the full text content
Tags: Add Tag
No Tags, Be the first to tag this record!
LEADER 01378nmm a22003975a 4500
001 vtls000073838
003 MY-ArUMP
005 20210731151723.0
007 cr nn 008mamaa
008 120309s2010 mau f j eng d
020 |a 9780387277127 
020 |a 9780387277110 
035 |a (OCoLC)ocn649907923 
039 9 |a 201203091535  |b SMT  |c 201104040936  |d SMR  |c 201103311444  |d NMN  |y 201012271646  |z SMR 
040 |a MYPMP  |b eng  |c MYPMP  |e rda 
100 1 |a Katz, Jonathan.  |e author 
245 1 0 |a Digital signatures  |c by Jonathan Katz. 
264 1 |a Boston, MA  |b Springer  |c 2010. 
300 |a 1 online resource  |b digital. 
336 |a text  |b txt  |2 rdacontent 
337 |a computer  |b c  |2 rdamedia 
338 |a online resource  |b cr  |2 rdacarrier 
347 |a text file  |b PDF  |2 rda 
650 0 |a Data structures (Computer science) 
650 0 |a Data encryption (Computer science) 
650 0 |a Digital signatures 
650 0 |a Computer security 
650 0 |a Business communication 
650 0 |a Electronic commerce 
710 2 |a SpringerLink (Online service) 
773 0 |t Springer eBooks 
856 4 0 |y Click here to view the full text content  |u http://dx.doi.org/10.1007/978-0-387-27712-7 
942 |2 lcc  |c BK-EBOOK 
949 |a VIRTUAITEM  |d 10011  |f 1  |x 9 
999 |c 42334  |d 42334 
952 |0 0  |1 0  |2 lcc  |4 0  |7 0  |9 39567  |a FSGM  |b FSGM  |d 2021-07-31  |l 0  |r 2021-07-31  |t 1  |w 2021-07-31  |y BK-EBOOK